00634nam a22002297a 450000500170000001000150001702000260003202000230005803500140008103700130009508200080010810000160011624500480013226000370018027000440021730000320026150000420029370000150033570000220035070000170037270000150038920161128113359.0 aENG-116673 a9788186038222c365.00 a8186038221c365.00 aEN-100205 bDBAD/PUB a512 aGupta,Anju  aBasic algebra /cby Anju Gupta ...[et...al] aDelhibShree Kala Prakashnc2012 a42/43,U.B. Jawahar NagarbDelhie110007 aviii,181p. :c23cm(Hb)bill aIncludes bibliographical references  aGupta Anju aAbhishek K.Singh, aSanjay Kumar aRavi Kumar